00438nam a2200157Ia 4500008004100000020001800041041000800059082001800067100001500085245007400100260003800174300000900212500001500221650001500236700002900251230125s9999 xx 000 0 und d a81-7809-071-6 aeng a658.4092bFRI aFrigon N L aThe leader : Developing the skills and personal qualities you need... c1996bMagna books pub co.aMumbai a167p aLeadership aManagement aFrigon N L & Jackson H K